José de Ribera (Record no. 1465)

MARC details
000 -CABECERA
campo de control de longitud fija 01001nam a2200229 a 4500
001 - NÚMERO DE CONTROL
campo de control BRCA_1669
005 - FECHA Y HORA DE LA ÚLTIMA TRANSACCIÓN
campo de control 20190320203512.0
008 - DATOS DE LONGITUD FIJA--INFORMACIÓN GENERAL
campo de control de longitud fija 190508s2005----sp-a---###---#000-0#spa-#
020 ## - NÚMERO INTERNACIONAL ESTÁNDAR DEL LIBRO
Número Internacional Estándar del Libro 8495610817
050 #4 - SIGNATURA TOPOGRÁFICA DE LA BIBLIOTECA DEL CONGRESO
Número de clasificación ND813.R5
Número de documento/Ítem .J67 2005
245 10 - MENCIÓN DE TÍTULO
Título José de Ribera
Resto del título bajo el signo de Caravaggio (1613-1633)
Mención de responsabilidad, etc. dirección cientifica Nicola Spinosa ; [textos Nicola Spinosa, Juan Carrete Parrondo ; comentarios de las obras Alessandra Buondonno ... [et al.].
260 ## - PUBLICACIÓN, DISTRIBUCIÓN, ETC.
Lugar de publicación, distribución, etc. Salamanca
Nombre del editor, distribuidor, etc. Caja Duero
Fecha de publicación, distribución, etc. 2005
300 ## - DESCRIPCIÓN FÍSICA
Extensión 191 p.
Otras características físicas il. (algunas a color)
Dimensiones 30 cm.
500 ## - NOTA GENERAL
Nota general Catálogo de la exposición realizada en la Sala de Exposiciones de Caja Duero (Salamanca), abril - junio, 2005
504 ## - NOTA DE BIBLIOGRAFÍA, ETC.
Nota de bibliografía, etc. Bibliografía: p. 182-189
600 14 - PUNTO DE ACCESO ADICIONAL DE MATERIA--NOMBRE DE PERSONA
Nombre de persona Ribera, José de
Fechas asociadas al nombre 1591-1652
Subdivisión de forma Exposiciones
9 (RLIN) 5134
600 14 - PUNTO DE ACCESO ADICIONAL DE MATERIA--NOMBRE DE PERSONA
Nombre de persona Ribera, José de
Fechas asociadas al nombre 1591-1652
Subdivisión general Crítica e interpretación
9 (RLIN) 5206
700 1# - PUNTO DE ACCESO ADICIONAL--NOMBRE DE PERSONA
Nombre de persona Spinosa, Nicola
9 (RLIN) 5207
700 1# - PUNTO DE ACCESO ADICIONAL--NOMBRE DE PERSONA
Nombre de persona Carrete Parrondo, Juan
9 (RLIN) 1656
700 1# - PUNTO DE ACCESO ADICIONAL--NOMBRE DE PERSONA
Nombre de persona Buondonno, Alessandra
9 (RLIN) 5208
942 ## - ELEMENTOS DE PUNTO DE ACCESO ADICIONAL (KOHA)
Fuente del sistema de clasificación o colocación Library of Congress Classification
Tipo de ítem Koha Libros
Holdings
Estado de retiro Estado de pérdida Estado dañado No para préstamo Localización permanente Ubicación/localización actual Fecha de adquisición Total de préstamos Signatura topográfica completa Código de barras Fecha visto por última vez Precio válido a partir de Tipo de ítem Koha
El ejemplar forma parte de la colección y puede ser consultado según las políticas vigentes.       Biblioteca del Museo Franz Mayer (Rogerio Casas-Alatriste) Biblioteca del Museo Franz Mayer (Rogerio Casas-Alatriste) 27/06/2008   ND813.R5 .J67 2005 02242 22/03/2019 22/03/2019 Libros